000
00303nam a22001217a 4500
008
180427b xxu||||| |||| 00| 0 eng d
041
_a
eng
080
_a
043.3
100
_a
0
101
_a
SHKI-BTH
245
_a
Analiza e implementimit të rimëkëmbjes në rrjetat MPLS
_c
Revuçi,S
942
_2
udc
_c
BK
999
_c
45619
_d
45619